Логическое программирование: сборник статей; пер. с англ. и фр.

מידע ביבליוגרפי
שפה:רוסית
יצא לאור: Москва, Мир, 1988
סדרה:Математическое обеспечение ЭВМ
נושאים:
פורמט: ספר
KOHA link:https://koha.lib.tpu.ru/cgi-bin/koha/opac-detail.pl?biblionumber=83380

MARC

LEADER 00000nam0a2200000 4500
001 83380
005 20231031100152.0
010 |a 5030009728 
020 |a RU  |b 88-61519 
035 |a (RuTPU)RU\TPU\book\89618 
090 |a 83380 
100 |a 20051015d1988 k y0rusy5003 ca 
101 1 |a rus  |c eng  |c fre 
102 |a RU 
105 |a y z 001zy 
200 1 |a Логическое программирование  |e сборник статей  |e пер. с англ. и фр. 
210 |a Москва  |c Мир  |d 1988 
215 |a 367 с. 
225 1 |a Математическое обеспечение ЭВМ 
320 |a Библиография в конце статей 
610 1 |a электронные вычислительные машины 
610 1 |a ЭВМ 
610 1 |a программирование 
610 1 |a логическое программирование 
610 1 |a Пролог 
610 1 |a сборники 
675 |a 681.3.06  |z rus 
801 0 |a RU  |b RuMRKP  |c 19950417  |g psbo 
801 1 |a RU  |b 63413507  |c 20051015  |g PSBO 
801 2 |a RU  |b 63413507  |c 20051215  |g PSBO 
942 |c BK